[Event "Como Province-ch"]
[Site "Como"]
[Date "1998.??.??"]
[Round "5"]
[White "Boncinelli, Lodovico"]
[Black "Canali, Marco"]
[Result "1-0"]
[WhiteElo "1561"]
[BlackElo "1741"]
[PlyCount "73"]
[EventDate "1998.??.??"]
[EventType "swiss"]
[EventRounds "8"]
[EventCountry "ITA"]
[SourceTitle "EXT 2023"]
[Source "ChessBase"]
[SourceDate "2022.10.05"]
[SourceVersion "1"]
[SourceVersionDate "2022.10.05"]
[SourceQuality "1"]

1. d4 e6 2. Nf3 c5 3. c3 d5 4. Bf4 Nc6 5. e3 Qb6 6. Qc1 Bd7 7. Nbd2 Nf6 8. Bd3 Rc8 9. Qb1 Be7 10. 0-0 cxd4 11. exd4 Na5 12. Re1 Bb5 13. Bxb5+ Qxb5 14. Bg5 Ne4 15. Bxe7 Nxd2 16. Nxd2 Kxe7 17. Qc2 Nc6 18. Nb3 a5 19. Qd2 a4 20. Nc5 Na5 21. Qg5+ Kf8 22. Qf4 Kg8 23. Qf3 b6 24. Nd3 Nc4 25. b3 Nd6 26. Ne5 a3 27. h4 f6 28. Ng4 Kf7 29. Ne5+ Ke7 30. Ng4 Kf7 31. Rac1 Qa6 32. Re3 Nf5 33. Ree1 Nxh4 34. Ne5+ Ke7 35. Qh3 Nf5 36. Nd3 g5 37. Qxf5 1-0

[Event "Como Province-ch"]
[Site "Como"]
[Date "1997.??.??"]
[Round "7"]
[White "Boncinelli, Lodovico"]
[Black "Bellotto, Stefano"]
[Result "1-0"]
[WhiteElo "1561"]
[BlackElo "1725"]
[PlyCount "71"]
[EventDate "1997.??.??"]
[EventType "swiss"]
[EventRounds "8"]
[EventCountry "ITA"]
[SourceTitle "EXT 2024"]
[Source "ChessBase"]
[SourceDate "2023.10.10"]
[SourceVersion "1"]
[SourceVersionDate "2023.10.10"]
[SourceQuality "1"]

1. d4 f5 2. Nf3 Nf6 3. Bg5 g6 4. Bxf6 exf6 5. Nbd2 d5 6. e3 Bd6 7. Bd3 c6 8. Qe2 Qe7 9. a3 Nd7 10. c4 b6 11. cxd5 cxd5 12. 0-0 Kf7 13. Rfe1 Nf8 14. Rac1 Bd7 15. Ba6 Rb8 16. Bd3 Ne6 17. Bb1 Nc7 18. Ba2 Be6 19. Rc3 g5 20. h3 h5 21. h4 Rbg8 22. Nf1 gxh4 23. Nxh4 Rg4 24. g3 Rhg8 25. Kh1 f4 26. exf4 Qd7 27. Nh2 Bxf4 28. Nxg4 Bxg4 29. Qd3 Bg5 30. Rxc7 Qxc7 31. Bxd5+ Kf8 32. Bxg8 Bxh4 33. Bd5 Bg5 34. Bg2 Qd7 35. Qe4 Bf5 36. Qa8+ 1-0